00833nam a2200217 i 4500001000700000003000900007005001700016008004100033020002200074080002600096100003600122245007500158260011000233300004600343490003300389504003400422586004100456651003200497830003300529852005300562181288ES-MaACL20240516063108.0121205s2010 sp a | |||||||| | spa d a978-84-96800-47-2 a94(460.288 A.)"14/15"1 aPretel Marín, Aurelio,d1950-13aLa villa de Albacete en la Baja Edad Media / cAurelio Pretel Marín. aAlbacete : bInstituto de Estudios Albacetenses "Don Juan Manuel" de la Diputación de Albacete, c2010. a407 p. : bil. col. y n., mapa ; c24 cm.1 aSerie I, Estudios ; vn. 194 aBibliografía: p. [397]-407.8 aPremio de Historia de Albacete, 2009 4aAlbacete-xHistoria-yS.XV.0 aSerie I, Estudios ; vn. 194 aES-MaACLjA-12334bR.146651cDEPO1dOlim: N-5339